| 000 | 00479nam a22001697a 4500 | ||
|---|---|---|---|
| 005 | 20251108175641.0 | ||
| 008 | 250721s2007 xx 000 0 ara d | ||
| 082 | 1 | 4 | _a747.5/ستو |
| 100 | 1 | _aستوير، كاثلين س | |
| 245 | 1 | 0 | _aأروع الستائر / |
| 264 | 1 |
_aبيروت : _bالدار العربية للعلوم-ناشرون، _c2007. |
|
| 300 | _a212ص. | ||
| 650 | 1 | 7 | _aالستائر |
| 650 | 1 | 7 | _aالديكور |
| 942 |
_2ddc _cBK |
||
| 999 |
_c139135 _d139135 |
||